000 00919nam a2200205Ia 4500
999 _c39601
_d39601
001 6201
003 GE_BSU
005 20190701161111.0
008 181216s1985||||ge |||||||||||||| ||geo||
041 _ageo
080 _a621.753.4(075.8) დ-32
100 _aდემეტრაშვილი, გ.
_93129
245 _aსამარჯვების დაგეგმარების საფუძვლები : სახელმძღვ. /
_cგ. დემეტრაშვილი ; რედ : ლ. ჩიკვილაძე.
264 _aთბილისი :
_bგანათლება,
_c1985.
300 _a175 გვ .:
_bილ ;
_c22 სმ.
504 _aბიბლიოგრ.:გვ.170
653 _aსამარჯვების დაგეგმარება
700 _aჩიკვილაძე, ლ
_eრედაქტორი
_9819
942 _cBK
_2udc